000 00585nam a2200193 u 4500
005 20240806064022.0
008 151110s2008 r 000 0 eng d
020 _a9788495650438
035 _aUPN01000206665
049 _aI
050 4 _aPZ7
_bS2.2
100 0 _aSaki,
_d1870-1916
_933942
245 1 3 _aEl contador de cuentos /
_cSaki ; il. de Alba Marina Rivera ; tr. de Verónica Canales.
260 _aBarcelona, Esp. :
_bEkaré,
_c2008.
300 _a[40] p. :
_bil.
650 4 _aLiteratura inglesa
_95228
650 4 _aLibros y lectura para niños
_92290
905 _aInfantil
999 _c178766
_d178766